| 000 | 01345cam a2200277 a 4500 | ||
|---|---|---|---|
| 005 | 20231124115704.0 | ||
| 008 | 160212s2005 ck a gr 000 0 spa d | ||
| 020 | _a9589766625 | ||
| 040 |
_aCO-BoUCM _bspa _cSandra Palacio _dDavid Moreno (modificó) |
||
| 041 | 0 | _aspa | |
| 110 | 2 |
_aArchivo General de la Nación (Colombia) _bComité de Archivos de Instituciones de Educación Superior _975470 |
|
| 245 | 1 | 0 |
_aArchivos de instituciones de educación superior _bDirectrices para su organización _cArchivo General de la Nación, Comité de Archivos de Instituciones de Educación Superior ; elaborado por María Imelda López Ávila, Teresita Caraballo y Myriam Marín Cortés |
| 260 |
_aBogotá _bArchivo General de la Nación _c2005 |
||
| 300 |
_a28 páginas _bilustraciones |
||
| 500 | _aDocumento de trabajo. Incluye glosario | ||
| 504 | _aIncluye referencias bibliográficas | ||
| 650 | 7 |
_aAdministración de archivos _98530 _xInstituciones universitarias |
|
| 650 | 7 |
_aArchivos _997 |
|
| 650 | 7 |
_aAdministración de sistemas de información _98581 _xArchivos |
|
| 690 |
_aBibliotecología _910049 |
||
| 700 | 1 |
_aLópez Ávila, María Imelda _975471 |
|
| 700 | 1 |
_aCaraballo, Teresita _975472 |
|
| 700 | 1 |
_aMarín Cortés, Myriam _975473 |
|
| 942 |
_2DEWEY _a1 _cLIBRO _e1 _h025.17 _mA673ar _n0 |
||
| 999 |
_c302644 _d302644 |
||